[Event "Commonwealth-ch"]
[Site "New Delhi"]
[Date "2018.06.26"]
[Round "1"]
[White "Lalith, Babu MR"]
[Black "Joy, Pankaj Shah"]
[Result "1-0"]
[WhiteElo "2529"]
[BlackElo "1929"]
[PlyCount "53"]
[EventDate "2018.06.26"]
[EventType "swiss"]
[EventRounds "9"]
[EventCountry "IND"]
[SourceTitle "CBM 185 Extra"]
[Source "ChessBase"]
[SourceDate "2018.07.29"]
[SourceVersion "1"]
[SourceVersionDate "2018.07.29"]
[SourceQuality "1"]

1. Nf3 g6 2. c4 Bg7 3. Nc3 d6 4. e4 Nf6 5. d4 0-0 6. h3 e5 7. d5 Nh5 8. g3 Na6 9. Be2 f5 10. exf5 gxf5 11. Nh4 Nf4 12. gxf4 Qxh4 13. Rg1 Kh8 14. fxe5 dxe5 15. Bg5 Qd4 16. Qb3 f4 17. Rd1 Qb6 18. Qxb6 axb6 19. d6 cxd6 20. Rxd6 Bxh3 21. Rxb6 Rf7 22. Ne4 Rc7 23. a3 Nb8 24. Bd8 Rd7 25. Bf6 Ra7 26. Rd6 b5 27. Bxg7+ 1-0

[Event "IND-ch U25 26th"]
[Site "Port Blair"]
[Date "2017.07.16"]
[Round "6"]
[White "Joy, Pankaj Shah"]
[Black "Jayakumaar, S."]
[Result "1/2-1/2"]
[WhiteElo "1909"]
[BlackElo "2173"]
[PlyCount "115"]
[EventDate "2017.07.13"]
[EventType "swiss"]
[EventRounds "9"]
[EventCountry "IND"]
[SourceTitle "EXT 2018"]
[Source "ChessBase"]
[SourceDate "2017.10.13"]
[SourceVersion "1"]
[SourceVersionDate "2017.10.13"]
[SourceQuality "1"]

1. Nf3 d5 2. d4 Nf6 3. b3 c5 4. e3 e6 5. Bb2 Nbd7 6. Bd3 Bd6 7. Nbd2 0-0 8. 0-0 Qc7 9. c4 b6 10. Rc1 Bb7 11. Qc2 h6 12. h3 e5 13. cxd5 Nxd5 14. dxe5 Nxe5 15. Nxe5 Bxe5 16. Bxe5 Qxe5 17. Nf3 Qe7 18. a3 Rad8 19. Rfd1 Nf6 20. Qe2 Ne4 21. Nd2 Ng5 22. f4 Ne4 23. Nxe4 Bxe4 24. Bc4 Bc6 25. Rc3 Rxd1+ 26. Qxd1 Rd8 27. Qe2 Qe4 28. Rd3 Re8 29. Rc3 Rd8 30. Rd3 Rxd3 31. Bxd3 Qe6 32. Bc4 Bd5 33. Qd3 Bxc4 34. bxc4 Qc6 35. Qd8+ Kh7 36. Qe7 Qe6 37. Qxe6 fxe6 38. e4 Kg6 39. Kf2 h5 40. g4 hxg4 41. hxg4 e5 42. fxe5 Kf7 43. Ke3 g5 44. Kf3 Ke6 45. Kf2 Kxe5 46. Ke3 a6 47. a4 Kd6 48. Kd3 Ke6 49. Ke2 Kd7 50. Kd3 Kc6 51. e5 Kd7 52. Ke3 Ke7 53. Kd3 Kf7 54. Ke3 Ke6 55. Ke4 a5 56. Kd3 Kxe5 57. Ke3 Kf6 58. Kd3 1/2-1/2

[Event "IND-ch U13"]
[Site "Gujarath"]
[Date "2016.07.26"]
[Round "7"]
[White "Mehta, Naitik R"]
[Black "Joy, Pankaj Shah"]
[Result "1-0"]
[WhiteElo "1831"]
[BlackElo "1688"]
[PlyCount "61"]
[EventDate "2016.07.22"]
[EventType "swiss"]
[EventRounds "11"]
[EventCountry "IND"]
[SourceTitle "EXT 2017"]
[Source "ChessBase"]
[SourceDate "2016.10.25"]
[SourceVersion "1"]
[SourceVersionDate "2016.10.25"]
[SourceQuality "1"]

1. e4 c5 2. Nf3 Nc6 3. d4 cxd4 4. Nxd4 g6 5. Nc3 Bg7 6. Be3 Nf6 7. Bc4 0-0 8. Bb3 d6 9. h3 Bd7 10. 0-0 Rc8 11. f4 Qa5 12. Nf3 Qh5 13. Qe2 a6 14. Rad1 Rfd8 15. Bb6 Rf8 16. e5 Ne8 17. Ng5 Qxe2 18. Nxe2 e6 19. exd6 Bxb2 20. Ne4 Nf6 21. N2g3 Nxe4 22. Nxe4 Kg7 23. Nc5 Nb8 24. Bc7 Ba3 25. Nxb7 Nc6 26. Ba4 Nb8 27. Bxd7 Nxd7 28. c4 Rfe8 29. Rf3 Bb2 30. c5 Nf6 31. Rb3 1-0

[Event "IND-ch U13"]
[Site "Gujarath"]
[Date "2016.07.25"]
[Round "6"]
[White "Joy, Pankaj Shah"]
[Black "Harshavardhan, GB."]
[Result "1-0"]
[WhiteElo "1688"]
[BlackElo "1893"]
[PlyCount "226"]
[EventDate "2016.07.22"]
[EventType "swiss"]
[EventRounds "11"]
[EventCountry "IND"]
[SourceTitle "EXT 2017"]
[Source "ChessBase"]
[SourceDate "2016.10.25"]
[SourceVersion "1"]
[SourceVersionDate "2016.10.25"]
[SourceQuality "1"]

1. Nf3 Nf6 2. c4 e6 3. b3 c5 4. Bb2 Be7 5. g3 b6 6. Bg2 Bb7 7. 0-0 0-0 8. d3 d5 9. Nbd2 d4 10. b4 Nbd7 11. Qc2 e5 12. bxc5 bxc5 13. Rfb1 Bc6 14. Bc1 Qc7 15. Nf1 e4 16. Ne1 exd3 17. exd3 Bxg2 18. Kxg2 Qc6+ 19. Kg1 Ne5 20. Qe2 Bd6 21. Bg5 Bc7 22. f4 Ng6 23. Qf3 Qd6 24. Bxf6 Qxf6 25. Nd2 Qe7 26. Ne4 Rab8 27. Nc2 f5 28. Ng5 Qd6 29. Re1 Rfe8 30. Rxe8+ Rxe8 31. Qh5 h6 32. Nf3 Qc6 33. Rf1 Re2 34. Rf2 Rxf2 35. Kxf2 Qe6 36. Nfe1 Nf8 37. Qe2 Qf6 38. Qe8 Qa6 39. a4 Qb7 40. Qe7 Qc6 41. a5 a6 42. Nf3 Bd6 43. Qd8 Qc7 44. Qa8 Be7 45. Qxa6 Bd8 46. Ne5 Qxa5 47. Qxa5 Bxa5 48. Nc6 Bb6 49. Ne7+ Kf7 50. Nxf5 Bc7 51. Na3 Kf6 52. Nh4 g5 53. fxg5+ hxg5 54. Nf3 Ba5 55. h3 Kf5 56. Nb5 g4 57. hxg4+ Kxg4 58. Ne5+ Kf5 59. Nc6 Bb6 60. Ne7+ Kg4 61. Nd5 Bd8 62. Nd6 Nd7 63. Ne4 Kf5 64. Nf4 Bc7 65. Nd5 Bd8 66. Nd6+ Kg4 67. Nb7 Bg5 68. Nc7 Be7 69. Nd5 Bg5 70. Kg2 Bd2 71. Nc7 Bg5 72. Na6 Be7 73. Kf2 Bf8 74. Kg2 Be7 75. Kf2 Bf8 76. Kg2 Be7 77. Kf2 Bf8 78. Kg2 Be7 79. Kf2 Bf8 80. Kg2 Be7 81. Kf2 Bf8 82. Kg2 Be7 83. Nc7 Ne5 84. Nd5 Bf8 85. Nf4 Be7 86. Kf2 Kf5 87. Ke2 Nc6 88. Nd5 Bf8 89. g4+ Kg6 90. Nc7 Kf7 91. Na6 Ne5 92. Nbxc5 Nxg4 93. Nb3 Ke6 94. Nxd4+ Kd7 95. Nb8+ Kd6 96. Nbc6 Nf6 97. Na5 Nd7 98. Ke3 Nb6 99. Nb5+ Kd7 100. d4 Bh6+ 101. Kf3 Na4 102. Ke4 Bg7 103. c5 Kc8 104. c6 Bf8 105. Nc4 Be7 106. Kd3 Kb8 107. Kc2 Bc5 108. dxc5 Nxc5 109. c7+ Kb7 110. Ncd6+ Kb6 111. c8Q Na6 112. Nd4 Ka5 113. Qb7 Nc7 1-0